00343nam a2200121Ia 4500008004100000040001600041041001200057082001600069100001800085245007500103260002600178300001700204230917s9999||||xx |||||||||||||| ||und|| e47267aMAIN aEnglish a294.1 D491G aDandekar, R N 0aGlimpses of veda and vyakarna: reflections on some less familiar topic aBombaybPopularc1985 axiii, 208 p.